000 01185nam a22003257a 4500
003 CHAP
005 20220329143424.0
008 090610s2009 mx r 00010 spa d
010 _a96351
011 _a97323
020 _a9789701351567
035 _a107987
040 _cCHAP
082 0 4 _a331
_bI52
110 2 _aInstituto Nacional de Estadística, Geografía e Informática. México
_959304
245 1 0 _aEstadísticas de la dinámica laboral en México 2005-2007
_c/por Instituto Nacional de Estadística, Geografía e Informática
260 _aAguascalientes, Ags. :
_bINEGI,
_cc2009
300 _a130 p. :
_bcuadros + 1 CD (4 3/4 plg.)
590 _aBATCH-UPD
_b10
_c20130110
_lUCH01
_h1600
590 _aBATCH-UPD
_b10
_c20130410
_lUCH01
_h0957
590 _aBATCH-UPD
_b10
_c20130914
_lUCH01
_h1300
590 _aCONVERSION
_b10
_c20130109
_lUCH01
_h1353
650 1 4 _aEmpleo
_xEstadísticas
_zMéxico.
_936559
650 1 4 _aTrabajo y trabajadores
_xEstadísticas.
_9114522
650 1 4 _aTrabajo y trabajadores
_zMéxico.
_9114553
901 _aBK
911 _aen proceso
942 _cLIBRO
949 _a331 I52
_bBC
_cINEGI
_d33724002113603
_eINEGI
_gDonacion
_h110735
_i107987
_sb
999 _c96351
_d96351